000 01048nam a22003017a 4500
001 9084
003 FISKH
005 20251119110326.0
008 251119b cb ||||| |||| 00| 0 eng d
020 _a9781574713084
040 _aFISKH
_beng
_cFISKH
_dFISKH
050 _aPE1119.G73
082 _a370
100 _aGraves, Kimberlee
245 _aPack a picnic /
_cWritten by Kimberlee Graves . Illustrated by Carol Newsom
260 _aCypress :
_bCreative Teaching Press, Inc . ,
_c1997.
300 _a16 pages :
_bcolor illustrations ;
_c16 X 23 cm .
490 _a Learn to read science series
_v8
505 _aC
520 _aGetting ready to go on a picnic, Hedgehog packs a variety of things needed for all types of weather conditions, but forget to pack the most important part of a picnic lunch.
521 8 _a90
_bLexile
521 8 _aC
_bRaz-Plus
650 _aFood
_vPicture Books
650 _aWeather
_vPicture Books
700 _aNewsom, Carol
_eIllustrator
942 _2ddc
_cBK
_n0
999 _c9084
_d9084